000 00688nam a22002417a 4500
005 20170124105939.0
010 _a493220
020 _c00.00
035 _a493220
037 _bCen Lib/Ret
040 _aDPL
_bEN
082 _a320.95
_2MAJ
245 _aMajor governments of Asia /
_cby Harold C. Hinton...[et at.]
250 _a2nd ed.
260 _aNew York
_bCornell university press
_c1963
270 _bNew York
300 _axiii,719p.
_c21cm(Hb)
500 _aIncludes index
650 _aGoverment -- Asia -- History
_991198
650 _aPolitical science -- History
_9578
700 _aHinton, Harold C.
_991199
942 _2ddc
_cEN
_h320.95
_mMAJ
999 _c124401
_d124401